Brawl Stars Trio Names - Statistics

General Stats
  • This quiz has been taken 13 times
  • The average score is 21 of 35
Answer Stats
Hint Answer % Correct
Dynamike, Carl, Jacky Gem Miners
91%
Ash, Grom, Moe Castle Courtyard
82%
Darryl, Penny, Tick Pirates
82%
8-Bit, Brock, Rico Arcade
73%
Rosa, Bea, Sprout Biology Team
73%
Griff, Colette, Edgar Gift Shop
73%
Belle, Sam, Pearl Goldarm Gang
73%
El Primo, Poco, Amber Mexican Entertainers
73%
Bull, Bibi, Crow Retropolis
73%
Stu, Janet, Bonnie Stuntshow
73%
Willow, Angelo Swamp of Love
73%
Mortis, Frank, Emz The Undeads
73%
Lola, Gray, Mico Brawlywood
64%
Pam, Nani, Jessie Junkyard Family
64%
Tara, Gene, Sandy Mystic Wanderers
64%
Bo, Nita, Leon Shaman Tribe
64%
Ruffs, Squeak, Eve Starr Force
64%
Surge, Meg, Max Supercity
64%
Barley, Piper, Byron Townsfolk
64%
Charlie Bizarre Circus
55%
Otis, Hank, Clancy Deep Sea
55%
Gus, Chuck, Shade Ghost Station
55%
Shelly, Colt, Spike Ranger Ranch
55%
Mr. P, Lou, Gale Snowtel
55%
Mandy, Chester, Berry Candyland
45%
Cordelius, Lily Enchanted Woods
45%
Finx Pyramid Quest
45%
Ollie Sk8 Beats
45%
R-T, Larry & Lawrie Starr Park Hub
45%
Kit Starr Toon Studios
45%
Buzz, Doug Velocirapids
45%
Juju Oddities Shop
36%
Fang, Buster, Maisie Starr Theatre
36%
Meeple Board Games
27%
Draco, Lumi Madevil Manor
27%
No matching quizzes found
Score Distribution
Percent of People with Each Score
Percentile by Number Answered
Your Score History
You have not taken this quiz